| 000 | 03616nam0a2200421 4500 | ||
|---|---|---|---|
| 001 | RU\NLR\BIBL_A\012785034 | ||
| 005 | 20220726174415.0 | ||
| 010 |
_a978-5-907411-88-3 _9500 |
||
| 021 |
_aRU _bКН-П-22-007289 _9КН-П-22-0590 |
||
| 035 | _a(NLR Aleph) 012785034 | ||
| 035 | _a(RuMoRGB)010973245 | ||
| 090 |
_a13135245 _c13135245 |
||
| 100 | _a20220512d2021 k y0rusy50 ca | ||
| 101 | 0 | _arus | |
| 102 | _aRU | ||
| 105 | _aa z 100zy | ||
| 181 | 0 |
_ai _baxxe |
|
| 182 | 0 | _an | |
| 200 | 1 |
_aПраво, экономика и управление: теория и практика _eсборник материалов Всероссийской научно-практической конференции (Чебоксары, 2 декабря 2021 г.) _fБОУ ВО "Чувашский государственный институт культуры и искусств" Министерства культуры, по делам национальностей и архивного дела Чувашской Республики _gредакционная коллегия: Фомин Эдуард Валентинович, канд. филол. наук, доцент |
|
| 203 |
_aТекст _bвизуальный _cнепосредственный |
||
| 210 |
_aЧебоксары _cСреда _d2021 |
||
| 215 |
_a219 с. _cил. _d20 |
||
| 320 | _aБиблиогр. в конце докл. | ||
| 330 | _aВ сборнике представлены научные публикации, посвященные вопросам развития экономической науки и права. В материалах сборника приведены результаты теоретических и прикладных изысканий представителей научного и образовательного сообщества в данной области. Предназначен для широкого круга читателей. Издание может быть полезно научным сотрудникам, преподавателям, студентам, аспирантам и всем, кто интересуется проблемами и перспективами социально-экономического развития и права России и зарубежья | ||
| 606 | 1 |
_aЭкономика _jСъезды, совещания и т.п _2nlr_sh1 _2nlr_sh2 _3RU\NLR\AUTH\66284709 |
|
| 606 | 1 |
_aУправление _jСъезды, совещания и т.п _2nlr_sh1 _2nlr_sh2 _3RU\NLR\AUTH\66119764 |
|
| 606 | 1 |
_aПраво _yРоссийская Федерация _jСъезды, совещания и т.п _2nlr_sh1 _2nlr_sh2 _3RU\NLR\AUTH\661244932 |
|
| 686 | 1 | _aУ.я431 | |
| 686 | 1 | _aУ21(0)я431 | |
| 686 | 1 | _aХ62я431 | |
| 702 | 1 |
_aФомин _bЭ. В. _cканд. филол. наук _f1971- _gЭдуард Валентинович _3RU\NLR\AUTH\7785494 _4340 |
|
| 711 | 1 | 2 |
_a"Право, экономика и управление: от теории к практике", всероссийская научно-практическая конференция с международным участием _f2021, декабрь _eЧебоксары _3RU\NLR\AUTH\880565648 |
| 712 | 0 | 2 |
_aЧувашский государственный институт культуры и искусств _cЧебоксары _3RU\NLR\AUTH\8810051725 _4557 |
| 942 | _cBOOK | ||
| 980 | _aNB | ||